000 00816cab a2200253 4500
001 ABS58143
008 090401t1998 xxu||||| |||| 00| 0 eng d
035 _a(Sirsi) u83387
041 _aeng
100 _aStapleton, T.
245 _aWired up for extra value
260 _c1998
350 _a0
490 _aEstates Gazette
_v(9802) 10 January 1998, 112-114(3)
520 _aOffering space with previously installed Internet access could be a way to attract tenants and increase the value of a building. Examines the costs and the benefits of installing Internet connection. Tables.
650 _aINTERNET CONNECTION
650 _aINTERNET
650 _aNEW BUILDINGS
650 _aVALUE
690 _aPROPERTY-COMMERCIAL PROPERTY
700 _aMargetts, D.
942 _n0
948 _c28/01/1998
999 _c52670
_d52670